Countries of the World Quiz Stats

 Plays Quiz not verified by Sporcle

Challenge
Share
Tweet
Embed
Score 0/199 Timer 20:00
0 Plays Today
Answer % Correct
United States
82.2%
Argentina
80%
Australia
80%
Canada
80%
Chile
80%
Finland
80%
Sweden
80%
Austria
77.8%
Bolivia
77.8%
Brazil
77.8%
China
77.8%
Denmark
77.8%
Ghana
77.8%
Greece
77.8%
North Korea
77.8%
Norway
77.8%
South Korea
77.8%
Cambodia
75.6%
Colombia
75.6%
Cyprus
75.6%
Ecuador
75.6%
Iceland
75.6%
India
75.6%
Ireland
75.6%
Italy
75.6%
Mexico
75.6%
Morocco
75.6%
Panama
75.6%
Paraguay
75.6%
Peru
75.6%
Switzerland
75.6%
Uruguay
75.6%
Belgium
73.3%
Chad
73.3%
Cuba
73.3%
Egypt
73.3%
Fiji
73.3%
France
73.3%
Germany
73.3%
Haiti
73.3%
Indonesia
73.3%
Israel
73.3%
Lithuania
73.3%
Luxembourg
73.3%
Malaysia
73.3%
Netherlands
73.3%
Russia
73.3%
St Kitts and Nevis
73.3%
South Africa
73.3%
Spain
73.3%
Turkey
73.3%
Ukraine
73.3%
Afghanistan
71.1%
Bahamas
71.1%
Bangladesh
71.1%
Estonia
71.1%
Georgia
71.1%
Guatemala
71.1%
Honduras
71.1%
Iran
71.1%
Iraq
71.1%
Jamaica
71.1%
Japan
71.1%
Laos
71.1%
Latvia
71.1%
Mali
71.1%
Malta
71.1%
Answer % Correct
Monaco
71.1%
Mongolia
71.1%
Nepal
71.1%
New Zealand
71.1%
Niger
71.1%
Nigeria
71.1%
Pakistan
71.1%
Portugal
71.1%
San Marino
71.1%
Slovenia
71.1%
Sudan
71.1%
Suriname
71.1%
United Arab Emirates
71.1%
Vatican City
71.1%
Zambia
71.1%
Zimbabwe
71.1%
Algeria
68.9%
Armenia
68.9%
Azerbaijan
68.9%
Belarus
68.9%
Costa Rica
68.9%
Croatia
68.9%
El Salvador
68.9%
Ethiopia
68.9%
Guyana
68.9%
Hungary
68.9%
Jordan
68.9%
Kazakhstan
68.9%
Kenya
68.9%
Kosovo
68.9%
Lebanon
68.9%
Libya
68.9%
Liechtenstein
68.9%
Macedonia
68.9%
Montenegro
68.9%
Oman
68.9%
Poland
68.9%
Qatar
68.9%
Rwanda
68.9%
Serbia
68.9%
Slovakia
68.9%
South Sudan
68.9%
Syria
68.9%
Thailand
68.9%
Trinidad and Tobago
68.9%
Vietnam
68.9%
England
68.9%
Albania
66.7%
Andorra
66.7%
Bulgaria
66.7%
Central African Republic
66.7%
Democratic Republic of Congo
66.7%
Djibouti
66.7%
Dominica
66.7%
Dominican Republic
66.7%
Lesotho
66.7%
Madagascar
66.7%
Maldives
66.7%
Mauritius
66.7%
Nicaragua
66.7%
Papua New Guinea
66.7%
Philippines
66.7%
St Lucia
66.7%
St Vincent and the Grenadines
66.7%
Sri Lanka
66.7%
Taiwan
66.7%
Tunisia
66.7%
Answer % Correct
Uganda
66.7%
Uzbekistan
66.7%
Venezuela
66.7%
Yemen
66.7%
Antigua and Barbuda
64.4%
Barbados
64.4%
Belize
64.4%
Benin
64.4%
Bhutan
64.4%
Bosnia and Herzegovina
64.4%
Gabon
64.4%
Kyrgyzstan
64.4%
Moldova
64.4%
Namibia
64.4%
Palau
64.4%
Senegal
64.4%
Tajikistan
64.4%
Tanzania
64.4%
Turkmenistan
64.4%
Scotland
64.4%
Wales
64.4%
Botswana
62.2%
Burkina Faso
62.2%
Cameroon
62.2%
Cape Verde
62.2%
Republic of Congo
62.2%
Czech Republic
62.2%
Eritrea
62.2%
Gambia
62.2%
Guinea
62.2%
Guinea Bissau
62.2%
Kiribati
62.2%
Kuwait
62.2%
Marshall Islands
62.2%
Mauritania
62.2%
Myanmar
62.2%
Nauru
62.2%
Romania
62.2%
Saudi Arabia
62.2%
Singapore
62.2%
Solomon Islands
62.2%
Swaziland
62.2%
Togo
62.2%
Tonga
62.2%
Angola
60%
Bahrain
60%
Brunei
60%
Grenada
60%
Liberia
60%
Malawi
60%
Micronesia
60%
Mozambique
60%
Samoa
60%
Seychelles
60%
Somalia
60%
Tuvalu
60%
Vanuatu
60%
Comoros
57.8%
East Timor
57.8%
Sao Tome and Principe
57.8%
Sierra Leone
57.8%
Burundi
55.6%
Equatorial Guinea
53.3%
Ivory Coast
51.1%
Northern Ireland
48.9%

You're not logged in!

Compare scores with friends on all Sporcle quizzes.
Join for Free
OR
Log In

You Might Also Like...

Show Comments

Extras

Top Quizzes Today


Score Distribution

Your Account Isn't Verified!

In order to create a playlist on Sporcle, you need to verify the email address you used during registration. Go to your Sporcle Settings to finish the process.

Report this User

Report this user for behavior that violates our Community Guidelines.

Details: